<?xml version="1.0" encoding="UTF-8"?>
<record
    xmlns:xsi="http://www.w3.org/2001/XMLSchema-instance"
    xsi:schemaLocation="http://www.loc.gov/MARC21/slim http://www.loc.gov/standards/marcxml/schema/MARC21slim.xsd"
    xmlns="http://www.loc.gov/MARC21/slim">

  <leader>00643nam a22001337a 4500</leader>
  <datafield tag="040" ind1=" " ind2=" ">
    <subfield code="c">RUA</subfield>
  </datafield>
  <datafield tag="082" ind1=" " ind2=" ">
    <subfield code="a">VEM VUT 2015 B509 Or.</subfield>
  </datafield>
  <datafield tag="100" ind1=" " ind2=" ">
    <subfield code="a">VUTHY PUTHIK; &#x179C;&#x17BB;&#x1791;&#x17D2;&#x1792;&#x17B8; &#x1796;&#x17BB;&#x1791;&#x17D2;&#x1792;&#x17B7;</subfield>
  </datafield>
  <datafield tag="245" ind1=" " ind2=" ">
    <subfield code="a">Epidemiological survey of Newcastle disease in kandal stoeng district, kandal province; &#x1780;&#x17B6;&#x179A;&#x17A2;&#x1784;&#x17D2;&#x1780;&#x17C2;&#x178F;&#x1796;&#x17B8;&#x1780;&#x17B6;&#x179A;&#x179A;&#x17B6;&#x178F;&#x17D2;&#x1794;&#x17B6;&#x178F;&#x1793;&#x17C3;&#x1787;&#x17C6;&#x1784;&#x17BA;&#x1789;&#x17C9;&#x17BC;&#x179C;&#x1780;&#x17B6;&#x179F;&#x1798;&#x17B6;&#x1793;&#x17CB;&#x178A;&#x17C2;&#x179B;&#x1787;&#x17BD;&#x1794;&#x1794;&#x17D2;&#x179A;&#x1791;&#x17C7;&#x1793;&#x17C5;&#x179F;&#x17D2;&#x179A;&#x17BB;&#x1780;&#x1780;&#x178E;&#x17D2;&#x178F;&#x17B6;&#x179B;&#x179F;&#x17D2;&#x1791;&#x17B9;&#x1784; &#x1781;&#x17C1;&#x178F;&#x17D2;&#x178F;&#x1780;&#x178E;&#x17D2;&#x178F;&#x17B6;&#x179B;</subfield>
  </datafield>
  <datafield tag="260" ind1=" " ind2=" ">
    <subfield code="a">RUA</subfield>
    <subfield code="b">Phnom Penh</subfield>
    <subfield code="c">2015</subfield>
  </datafield>
  <datafield tag="300" ind1=" " ind2=" ">
    <subfield code="a">ix;39p.</subfield>
    <subfield code="b">ill.</subfield>
    <subfield code="c">29cm.</subfield>
  </datafield>
  <datafield tag="856" ind1=" " ind2=" ">
    <subfield code="u">VUTHY PUTHIK</subfield>
  </datafield>
  <datafield tag="942" ind1=" " ind2=" ">
    <subfield code="c">VEM</subfield>
  </datafield>
  <datafield tag="999" ind1=" " ind2=" ">
    <subfield code="c">9294</subfield>
    <subfield code="d">9294</subfield>
  </datafield>
  <datafield tag="952" ind1=" " ind2=" ">
    <subfield code="0">0</subfield>
    <subfield code="1">0</subfield>
    <subfield code="2">ddc</subfield>
    <subfield code="4">0</subfield>
    <subfield code="6">VEM_VUT_2015_000000000000000_B509_OR_1</subfield>
    <subfield code="7">0</subfield>
    <subfield code="9">51068</subfield>
    <subfield code="a">LBB</subfield>
    <subfield code="b">LBB</subfield>
    <subfield code="d">2016-08-30</subfield>
    <subfield code="l">2</subfield>
    <subfield code="o">VEM VUT 2015 B509 Or.1</subfield>
    <subfield code="p">RUA061852</subfield>
    <subfield code="r">2018-12-28</subfield>
    <subfield code="s">2018-12-12</subfield>
    <subfield code="w">2016-08-30</subfield>
    <subfield code="y">VEM</subfield>
  </datafield>
  <datafield tag="952" ind1=" " ind2=" ">
    <subfield code="0">0</subfield>
    <subfield code="1">0</subfield>
    <subfield code="2">ddc</subfield>
    <subfield code="4">0</subfield>
    <subfield code="6">VEM_VUT_2015_000000000000000_B509_OR_2</subfield>
    <subfield code="7">0</subfield>
    <subfield code="9">51069</subfield>
    <subfield code="a">LBB</subfield>
    <subfield code="b">LBB</subfield>
    <subfield code="d">2016-08-30</subfield>
    <subfield code="o">VEM VUT 2015 B509 Or.2</subfield>
    <subfield code="p">RUA061788</subfield>
    <subfield code="r">2016-08-30</subfield>
    <subfield code="w">2016-08-30</subfield>
    <subfield code="y">VEM</subfield>
  </datafield>
  <datafield tag="952" ind1=" " ind2=" ">
    <subfield code="0">0</subfield>
    <subfield code="1">0</subfield>
    <subfield code="2">ddc</subfield>
    <subfield code="4">0</subfield>
    <subfield code="6">VEM_VUT_2015_000000000000000_B509_OR_3</subfield>
    <subfield code="7">0</subfield>
    <subfield code="9">51070</subfield>
    <subfield code="a">LBB</subfield>
    <subfield code="b">LBB</subfield>
    <subfield code="d">2016-08-30</subfield>
    <subfield code="o">VEM VUT 2015 B509 Or.3</subfield>
    <subfield code="p">RUA061908</subfield>
    <subfield code="r">2016-08-30</subfield>
    <subfield code="w">2016-08-30</subfield>
    <subfield code="y">VEM</subfield>
  </datafield>
  <datafield tag="952" ind1=" " ind2=" ">
    <subfield code="0">0</subfield>
    <subfield code="1">0</subfield>
    <subfield code="2">ddc</subfield>
    <subfield code="4">0</subfield>
    <subfield code="6">VEM_VUT_2015_000000000000000_B509_OR_4</subfield>
    <subfield code="7">0</subfield>
    <subfield code="9">51072</subfield>
    <subfield code="a">LBB</subfield>
    <subfield code="b">LBB</subfield>
    <subfield code="d">2016-08-30</subfield>
    <subfield code="o">VEM VUT 2015 B509 Or.4</subfield>
    <subfield code="p">RUA061668</subfield>
    <subfield code="r">2016-08-30</subfield>
    <subfield code="w">2016-08-30</subfield>
    <subfield code="y">VEM</subfield>
  </datafield>
  <datafield tag="952" ind1=" " ind2=" ">
    <subfield code="0">0</subfield>
    <subfield code="1">0</subfield>
    <subfield code="2">ddc</subfield>
    <subfield code="4">0</subfield>
    <subfield code="6">VEM_VUT_2015_000000000000000_B509_OR_5</subfield>
    <subfield code="7">0</subfield>
    <subfield code="9">51073</subfield>
    <subfield code="a">LBB</subfield>
    <subfield code="b">LBB</subfield>
    <subfield code="d">2016-08-30</subfield>
    <subfield code="o">VEM VUT 2015 B509 Or.5</subfield>
    <subfield code="p">RUA061608</subfield>
    <subfield code="r">2016-08-30</subfield>
    <subfield code="w">2016-08-30</subfield>
    <subfield code="y">VEM</subfield>
  </datafield>
  <datafield tag="952" ind1=" " ind2=" ">
    <subfield code="0">0</subfield>
    <subfield code="1">0</subfield>
    <subfield code="2">ddc</subfield>
    <subfield code="4">0</subfield>
    <subfield code="6">VEM_VUT_2015_000000000000000_B509_OR_6</subfield>
    <subfield code="7">0</subfield>
    <subfield code="9">51074</subfield>
    <subfield code="a">LBB</subfield>
    <subfield code="b">LBB</subfield>
    <subfield code="d">2016-08-30</subfield>
    <subfield code="o">VEM VUT 2015 B509 Or.6</subfield>
    <subfield code="p">RUA062572</subfield>
    <subfield code="r">2016-08-30</subfield>
    <subfield code="w">2016-08-30</subfield>
    <subfield code="y">VEM</subfield>
  </datafield>
  <datafield tag="952" ind1=" " ind2=" ">
    <subfield code="0">0</subfield>
    <subfield code="1">0</subfield>
    <subfield code="2">ddc</subfield>
    <subfield code="4">0</subfield>
    <subfield code="6">VEM_VUT_2015_000000000000000_B509_OR_7</subfield>
    <subfield code="7">0</subfield>
    <subfield code="9">52902</subfield>
    <subfield code="a">LBB</subfield>
    <subfield code="b">LBB</subfield>
    <subfield code="d">2016-09-26</subfield>
    <subfield code="o">VEM VUT 2015 B509 Or.7</subfield>
    <subfield code="p">A01562</subfield>
    <subfield code="r">2016-09-26</subfield>
    <subfield code="w">2016-09-26</subfield>
    <subfield code="y">VEM</subfield>
  </datafield>
  <datafield tag="952" ind1=" " ind2=" ">
    <subfield code="0">0</subfield>
    <subfield code="1">0</subfield>
    <subfield code="2">ddc</subfield>
    <subfield code="4">0</subfield>
    <subfield code="6">VEM_VUT_2015_000000000000000_B509_OR_8</subfield>
    <subfield code="7">0</subfield>
    <subfield code="9">52903</subfield>
    <subfield code="a">LBB</subfield>
    <subfield code="b">LBB</subfield>
    <subfield code="d">2016-09-26</subfield>
    <subfield code="o">VEM VUT 2015 B509 Or.8</subfield>
    <subfield code="p">RUA062558</subfield>
    <subfield code="r">2016-09-26</subfield>
    <subfield code="w">2016-09-26</subfield>
    <subfield code="y">VEM</subfield>
  </datafield>
  <datafield tag="952" ind1=" " ind2=" ">
    <subfield code="0">0</subfield>
    <subfield code="1">0</subfield>
    <subfield code="4">0</subfield>
    <subfield code="6">VEM_VUT_2015_000000000000000_B692_OR</subfield>
    <subfield code="7">0</subfield>
    <subfield code="9">87453</subfield>
    <subfield code="a">LBB</subfield>
    <subfield code="b">LBB</subfield>
    <subfield code="c">B692</subfield>
    <subfield code="d">2021-11-12</subfield>
    <subfield code="l">1</subfield>
    <subfield code="o">VEM VUT 2015 B692 Or.</subfield>
    <subfield code="p">A066673</subfield>
    <subfield code="r">2023-12-05</subfield>
    <subfield code="s">2023-12-01</subfield>
    <subfield code="y">VEM</subfield>
  </datafield>
  <datafield tag="952" ind1=" " ind2=" ">
    <subfield code="0">0</subfield>
    <subfield code="1">0</subfield>
    <subfield code="4">0</subfield>
    <subfield code="6">VEM_VUT_2015_000000000000000_B692_OR</subfield>
    <subfield code="7">0</subfield>
    <subfield code="9">87454</subfield>
    <subfield code="a">LBB</subfield>
    <subfield code="b">LBB</subfield>
    <subfield code="c">B692</subfield>
    <subfield code="d">2021-11-12</subfield>
    <subfield code="o">VEM VUT 2015 B692 Or.</subfield>
    <subfield code="p">A066685</subfield>
    <subfield code="r">2021-11-12</subfield>
    <subfield code="y">VEM</subfield>
  </datafield>
</record>
